Statistics for Left & Right Things

Click here to take the quiz!

General Stats

  • This quiz has been taken 226 times
  • The average score is 11 of 20

Answer Stats

HintLeft/Right% Correct
Food remaindersovers
98%
Not included in an activityout
94%
90 degrees in geometryangle
91%
An efficient or indispensable assistanthand
85%
Socialist section of a political partywing
82%
Mouse action to reveal contextual menusclick
78%
Precedence over other vehicles or pedestriansof way
75%
Most common punch in boxingjab
59%
Christy Brown wrote and painted using thisfoot
54%
Something unexpected comes out of thisfield
52%
Chart-topping pop group too sexy for their hairSaid Fred
47%
Nicholas Cage film about those not rapturedBehind
46%
Stage name of deceased TLC singer Lisa LopesEye
45%
Sophisticated Paris area, defined by the SeineBank
43%
Informal expresson of support or approvalon!
37%
Title given to British Cabinet ministersHonourable
28%
Short-term suitcase storage serviceluggage
28%
First-person zombie shooter video game series4 Dead
26%
The necessary qualities for a given task or jobstuff
26%
Flo Rida feat. Kesha number one singleRound
16%

Score Distribution

Percentile by Number Answered

Percent of People with Each Score

Your Score History

You have not taken this quiz